[Event "Open"]
[Site "Maastricht, NL"]
[Date "2025.06.09"]
[Round "7"]
[White "Barzen, Pascal"]
[Black "Terlouw, Wouter"]
[Result "1/2-1/2"]
[Board "10"]
[WhiteFideId "24653497"]
[BlackFideId "1087401"]
[WhiteTitle "FM"]
[BlackTitle "CM"]
[WhiteElo "2348"]
[BlackElo "2196"]
[WhiteTeam "GER"]
[BlackTeam "NED"]
[WhiteClock "0:01:36"]
[BlackClock "0:12:26"]
[Variant "Standard"]

1. e4 {[%clk 1:30:59]}  c5 {[%clk 1:30:51]} 2. Nf3 {[%clk 1:31:22]}  Nc6 {[%clk 1:31:16]} 3. Nc3 {[%clk 1:31:26]}  e5 {[%clk 1:31:40]} 4. Bc4 {[%clk 1:31:52]}  Be7 {[%clk 1:32:06]} 5. d3 {[%clk 1:32:15]}  d6 {[%clk 1:32:30]} 6. Nd2 {[%clk 1:32:23]}  Nf6 {[%clk 1:32:53]} 7. Nf1 {[%clk 1:32:46]}  Nd7 {[%clk 1:33:19]} 8. Ne3 {[%clk 1:32:54]}  Nb6 {[%clk 1:33:25]} 9. Ned5 {[%clk 1:32:58]}  O-O {[%clk 1:32:50]} 10. O-O {[%clk 1:33:19]}  Be6 {[%clk 1:31:55]} 11. Nxb6 {[%clk 1:29:54]}  axb6 {[%clk 1:32:08]} 12. Nd5 {[%clk 1:29:20]}  Bxd5 {[%clk 1:32:01]} 13. Bxd5 {[%clk 1:29:43]}  Bg5 {[%clk 1:32:10]} 14. c3 {[%clk 1:28:22]}  Bxc1 {[%clk 1:32:10]} 15. Rxc1 {[%clk 1:26:37]}  Ne7 {[%clk 1:17:00]} 16. Bb3 {[%clk 1:26:37]}  b5 {[%clk 1:17:00]} 17. Qe2 {[%clk 1:07:20]}  Ng6 {[%clk 1:07:15]} 18. g3 {[%clk 1:06:42]}  Qg5 {[%clk 1:06:37]} 19. Kh1 {[%clk 1:04:39]}  Kh8 {[%clk 1:06:03]} 20. Qf3 {[%clk 0:41:44]}  f5 {[%clk 0:56:39]} 21. exf5 {[%clk 0:40:56]}  Qxf5 {[%clk 0:56:46]} 22. Qxf5 {[%clk 0:32:07]}  Rxf5 {[%clk 0:57:09]} 23. a3 {[%clk 0:32:05]}  Raf8 {[%clk 0:55:27]} 24. Kg1 {[%clk 0:28:33]}  Rg5 {[%clk 0:49:28]} 25. Rcd1 {[%clk 0:28:19]}  h5 {[%clk 0:42:11]} 26. Bd5 {[%clk 0:27:28]}  b6 {[%clk 0:37:49]} 27. Bc6 {[%clk 0:22:41]}  b4 {[%clk 0:32:31]} 28. axb4 {[%clk 0:23:02]}  cxb4 {[%clk 0:32:56]} 29. cxb4 {[%clk 0:23:28]}  h4 {[%clk 0:31:00]} 30. Bg2 {[%clk 0:19:16]}  Rg4 {[%clk 0:28:34]} 31. d4 {[%clk 0:12:28]}  hxg3 {[%clk 0:24:53]} 32. hxg3 {[%clk 0:12:15]}  exd4 {[%clk 0:24:29]} 33. Kh2 {[%clk 0:11:44]}  d3 {[%clk 0:22:05]} 34. f4 {[%clk 0:11:30]}  Ne7 {[%clk 0:21:49]} 35. Rxd3 {[%clk 0:10:55]}  Rg6 {[%clk 0:22:01]} 36. Rfd1 {[%clk 0:10:53]}  Rh6+ {[%clk 0:19:26]} 37. Kg1 {[%clk 0:11:16]}  Rg6 {[%clk 0:17:36]} 38. Kf2 {[%clk 0:11:28]}  Rd8 {[%clk 0:17:36]} 39. Re1 {[%clk 0:11:03]}  Nf5 {[%clk 0:17:05]} 40. Be4 {[%clk 0:08:40]}  Rf6 {[%clk 0:17:17]} 41. Rd5 {[%clk 0:06:38]}  Ne7 {[%clk 0:16:30]} 42. Rh5+ {[%clk 0:04:45]}  Kg8 {[%clk 0:16:26]} 43. Bc2 {[%clk 0:04:51]}  Kf7 {[%clk 0:15:19]} 44. Bb3+ {[%clk 0:05:08]}  d5 {[%clk 0:15:43]} 45. Rhe5 {[%clk 0:05:20]}  Rd7 {[%clk 0:15:44]} 46. Kf3 {[%clk 0:04:54]}  Rfd6 {[%clk 0:15:27]} 47. g4 {[%clk 0:04:49]}  g6 {[%clk 0:15:35]} 48. Rh1 {[%clk 0:03:04]}  Nc6 {[%clk 0:15:02]} 49. Re3 {[%clk 0:01:35]}  Kg7 {[%clk 0:14:14]} 50. Kg3 {[%clk 0:01:18]}  d4 {[%clk 0:13:23]} 51. Re8 {[%clk 0:01:28]}  Rd8 {[%clk 0:13:48]} 52. Rxd8 {[%clk 0:01:41]}  Rxd8 {[%clk 0:14:10]} 53. b5 {[%clk 0:01:47]}  Nb4 {[%clk 0:14:19]} 54. Rd1 {[%clk 0:01:57]}  d3 {[%clk 0:14:19]} 55. Kf3 {[%clk 0:01:50]}  Kf6 {[%clk 0:13:18]} 56. Ke3 {[%clk 0:02:03]}  g5 {[%clk 0:12:36]} 57. fxg5+ {[%clk 0:02:08]}  Kxg5 {[%clk 0:13:02]} 58. Kd2 {[%clk 0:02:19]}  Rc8 {[%clk 0:12:01]} 59. Re1 {[%clk 0:02:14]}  Kf4 {[%clk 0:12:07]} 60. Re6 {[%clk 0:01:52]}  Rc5 {[%clk 0:11:20]} 61. Rxb6 {[%clk 0:02:09]}  Kxg4 {[%clk 0:11:47]} 62. Rb8 {[%clk 0:01:48]}  Kf5 {[%clk 0:11:22]} 63. b6 {[%clk 0:02:10]}  Nc6 {[%clk 0:11:34]} 64. Rc8 {[%clk 0:01:08]}  Rb5 {[%clk 0:11:51]} 65. Ba4 {[%clk 0:00:52]}  Rxb2+ {[%clk 0:12:05]} 66. Kxd3 {[%clk 0:01:17]}  Ne5+ {[%clk 0:12:26]} 67. Kc3 {[%clk 0:01:36]} 1/2-1/2

[Event "Open"]
[Site "Maastricht, NL"]
[Date "2025.06.09"]
[Round "7"]
[White "Verheyen, Olivier"]
[Black "Smeets, Kobe"]
[Result "0-1"]
[Board "11"]
[WhiteFideId "236055"]
[BlackFideId "1063910"]
[BlackTitle "FM"]
[WhiteElo "2171"]
[BlackElo "2323"]
[WhiteTeam "BEL"]
[BlackTeam "NED"]
[WhiteClock "0:00:57"]
[BlackClock "0:27:06"]
[Variant "Standard"]

1. e4 {[%clk 1:30:57]}  c5 {[%clk 1:30:55]} 2. Nf3 {[%clk 1:31:24]}  e6 {[%clk 1:31:18]} 3. d4 {[%clk 1:31:51]}  cxd4 {[%clk 1:31:44]} 4. Nxd4 {[%clk 1:32:18]}  Nc6 {[%clk 1:32:07]} 5. Nc3 {[%clk 1:32:45]}  Qc7 {[%clk 1:32:31]} 6. Ncb5 {[%clk 1:33:10]}  Qb8 {[%clk 1:32:56]} 7. Bd3 {[%clk 1:33:34]}  a6 {[%clk 1:33:24]} 8. Nxc6 {[%clk 1:34:00]}  bxc6 {[%clk 1:33:47]} 9. Nd4 {[%clk 1:34:26]}  e5 {[%clk 1:34:09]} 10. Ne2 {[%clk 1:32:21]}  Bc5 {[%clk 1:34:33]} 11. O-O {[%clk 1:31:55]}  Ne7 {[%clk 1:34:47]} 12. c4 {[%clk 1:30:42]}  O-O {[%clk 1:33:42]} 13. Rb1 {[%clk 1:29:50]}  a5 {[%clk 1:31:04]} 14. a3 {[%clk 1:28:28]}  d6 {[%clk 1:21:25]} 15. Bd2 {[%clk 1:27:31]}  a4 {[%clk 1:21:25]} 16. Nc3 {[%clk 1:27:31]}  Qa7 {[%clk 1:21:25]} 17. Qe2 {[%clk 1:05:48]}  Be6 {[%clk 1:19:03]} 18. Rfd1 {[%clk 0:31:50]}  Nc8 {[%clk 1:09:40]} 19. Na2 {[%clk 0:28:10]}  Nb6 {[%clk 1:08:41]} 20. Nb4 {[%clk 0:28:05]}  Qd7 {[%clk 1:08:54]} 21. h3 {[%clk 0:26:02]}  Qc7 {[%clk 0:57:31]} 22. Rbc1 {[%clk 0:24:31]}  Nd7 {[%clk 0:56:19]} 23. Bb1 {[%clk 0:08:42]}  Bd4 {[%clk 0:51:22]} 24. Bc3 {[%clk 0:08:27]}  Bb6 {[%clk 0:51:20]} 25. Nd5 {[%clk 0:08:10]}  cxd5 {[%clk 0:50:11]} 26. cxd5 {[%clk 0:08:39]}  Bxh3 {[%clk 0:45:26]} 27. gxh3 {[%clk 0:09:08]}  Qd8 {[%clk 0:44:51]} 28. Qg4 {[%clk 0:05:16]}  Rc8 {[%clk 0:41:26]} 29. Bd2 {[%clk 0:04:17]}  Rxc1 {[%clk 0:39:43]} 30. Rxc1 {[%clk 0:04:29]}  Qf6 {[%clk 0:36:13]} 31. Qg3 {[%clk 0:03:51]}  Bd4 {[%clk 0:35:53]} 32. Rc6 {[%clk 0:02:59]}  Nc5 {[%clk 0:30:57]} 33. Bb4 {[%clk 0:03:20]}  Qh6 {[%clk 0:27:32]} 34. Kh2 {[%clk 0:03:07]}  Qc1 {[%clk 0:26:45]} 35. Bd3 {[%clk 0:00:53]}  Qxb2 {[%clk 0:27:02]} 36. Bxc5 {[%clk 0:00:40]}  Bxc5 {[%clk 0:27:16]} 37. Kg2 {[%clk 0:00:51]}  Qxa3 {[%clk 0:27:26]} 38. Ra6 {[%clk 0:00:57]}  Qb3 {[%clk 0:27:06]} 0-1

[Event "Open"]
[Site "Maastricht, NL"]
[Date "2025.06.09"]
[Round "7"]
[White "Swijsen, Lars"]
[Black "Kurt, Sascha"]
[Result "1/2-1/2"]
[Board "12"]
[WhiteFideId "211800"]
[BlackFideId "1082647"]
[BlackTitle "FM"]
[WhiteElo "2142"]
[BlackElo "2312"]
[WhiteTeam "BEL"]
[BlackTeam "NED"]
[WhiteClock "0:12:10"]
[BlackClock "0:16:22"]
[Variant "Standard"]

1. Nf3 {[%clk 1:30:55]}  Nf6 {[%clk 1:30:24]} 2. b3 {[%clk 1:31:19]}  g6 {[%clk 1:30:38]} 3. Bb2 {[%clk 1:31:42]}  Bg7 {[%clk 1:31:03]} 4. g3 {[%clk 1:31:43]}  b6 {[%clk 1:30:56]} 5. Bg2 {[%clk 1:32:01]}  Bb7 {[%clk 1:31:22]} 6. O-O {[%clk 1:32:04]}  O-O {[%clk 1:31:47]} 7. c4 {[%clk 1:32:04]}  d6 {[%clk 1:31:47]} 8. d4 {[%clk 1:30:16]}  Nbd7 {[%clk 1:31:40]} 9. Qc2 {[%clk 1:28:39]}  Re8 {[%clk 1:23:34]} 10. Rd1 {[%clk 1:27:35]}  Qc8 {[%clk 1:23:26]} 11. d5 {[%clk 1:13:50]}  c6 {[%clk 1:07:31]} 12. dxc6 {[%clk 1:13:50]}  Bxc6 {[%clk 1:07:31]} 13. Nc3 {[%clk 1:13:50]}  Qb7 {[%clk 1:07:31]} 14. Bh3 {[%clk 1:13:50]}  Qc7 {[%clk 0:59:48]} 15. Qd2 {[%clk 1:10:27]}  Nc5 {[%clk 0:56:11]} 16. Nd5 {[%clk 1:05:29]}  Nxd5 {[%clk 0:46:45]} 17. Bxg7 {[%clk 1:02:03]}  Nf4 {[%clk 0:44:23]} 18. Qxf4 {[%clk 1:00:54]}  Kxg7 {[%clk 0:44:44]} 19. Rac1 {[%clk 0:54:22]}  a5 {[%clk 0:41:42]} 20. Rc3 {[%clk 0:47:51]}  Rad8 {[%clk 0:38:09]} 21. Nd4 {[%clk 0:37:56]}  Bd7 {[%clk 0:34:28]} 22. Bxd7 {[%clk 0:36:47]}  Qxd7 {[%clk 0:34:06]} 23. Rf3 {[%clk 0:35:40]}  Rf8 {[%clk 0:32:35]} 24. h4 {[%clk 0:33:48]}  h5 {[%clk 0:27:47]} 25. Qc1 {[%clk 0:30:05]}  f5 {[%clk 0:24:07]} 26. Nb5 {[%clk 0:28:49]}  Rf6 {[%clk 0:21:43]} 27. Nc3 {[%clk 0:28:35]}  e6 {[%clk 0:21:25]} 28. Nb5 {[%clk 0:27:07]}  Qc6 {[%clk 0:20:56]} 29. Nd4 {[%clk 0:23:56]}  Qe8 {[%clk 0:20:34]} 30. Nb5 {[%clk 0:23:49]}  e5 {[%clk 0:20:30]} 31. Nc7 {[%clk 0:22:48]}  Qc6 {[%clk 0:20:16]} 32. Nd5 {[%clk 0:23:11]}  Rf7 {[%clk 0:20:09]} 33. a3 {[%clk 0:20:05]}  Ne6 {[%clk 0:18:28]} 34. Qc3 {[%clk 0:19:13]}  Kh7 {[%clk 0:18:06]} 35. b4 {[%clk 0:15:39]}  a4 {[%clk 0:17:13]} 36. b5 {[%clk 0:14:44]}  Qb7 {[%clk 0:17:29]} 37. Qb4 {[%clk 0:10:44]}  Nc5 {[%clk 0:17:35]} 38. Nc3 {[%clk 0:10:47]}  e4 {[%clk 0:16:28]} 39. Re3 {[%clk 0:07:51]}  f4 {[%clk 0:16:38]} 40. gxf4 {[%clk 0:08:19]}  Rxf4 {[%clk 0:15:15]} 41. Nd5 {[%clk 0:08:28]}  Rxh4 {[%clk 0:15:36]} 42. Qc3 {[%clk 0:08:23]}  Qf7 {[%clk 0:15:18]} 43. Qf6 {[%clk 0:07:54]}  Qxf6 {[%clk 0:12:39]} 44. Nxf6+ {[%clk 0:08:20]}  Kg7 {[%clk 0:13:06]} 45. Rxd6 {[%clk 0:05:29]}  Rxd6 {[%clk 0:08:49]} 46. Ne8+ {[%clk 0:05:57]}  Kf7 {[%clk 0:09:09]} 47. Nxd6+ {[%clk 0:06:23]}  Ke6 {[%clk 0:09:35]} 48. Nc8 {[%clk 0:06:29]}  Rg4+ {[%clk 0:08:18]} 49. Kf1 {[%clk 0:05:57]}  Ke5 {[%clk 0:07:28]} 50. Nxb6 {[%clk 0:05:24]}  Kd4 {[%clk 0:07:45]} 51. Rh3 {[%clk 0:03:06]}  Rg5 {[%clk 0:05:35]} 52. Ke1 {[%clk 0:02:12]}  Rg1+ {[%clk 0:05:36]} 53. Kd2 {[%clk 0:02:41]}  Ra1 {[%clk 0:05:02]} 54. e3+ {[%clk 0:02:39]}  Ke5 {[%clk 0:05:22]} 55. Kc3 {[%clk 0:02:59]}  Nd3 {[%clk 0:04:32]} 56. f4+ {[%clk 0:02:45]}  exf3 {[%clk 0:03:47]} 57. Rxf3 {[%clk 0:01:45]}  Rxa3+ {[%clk 0:04:12]} 58. Kd2 {[%clk 0:01:55]}  Nc5 {[%clk 0:04:18]} 59. Rf7 {[%clk 0:01:42]}  h4 {[%clk 0:04:09]} 60. Rh7 {[%clk 0:01:35]}  g5 {[%clk 0:04:06]} 61. Nd7+ {[%clk 0:01:58]}  Nxd7 {[%clk 0:04:29]} 62. Rxd7 {[%clk 0:02:26]}  h3 {[%clk 0:04:03]} 63. b6 {[%clk 0:01:32]}  h2 {[%clk 0:03:43]} 64. Rh7 {[%clk 0:00:44]}  Rb3 {[%clk 0:03:52]} 65. c5 {[%clk 0:00:52]}  Kd5 {[%clk 0:03:23]} 66. Kc2 {[%clk 0:00:49]}  Kxc5 {[%clk 0:02:53]} 67. b7 {[%clk 0:01:00]}  Rxb7 {[%clk 0:02:42]} 68. Rxh2 {[%clk 0:01:28]}  Kb4 {[%clk 0:02:16]} 69. Rg2 {[%clk 0:01:20]}  Rc7+ {[%clk 0:01:59]} 70. Kb2 {[%clk 0:01:36]}  Rc5 {[%clk 0:01:51]} 71. Rg4+ {[%clk 0:01:55]}  Kb5 {[%clk 0:02:20]} 72. Ka3 {[%clk 0:02:02]}  Re5 {[%clk 0:01:38]} 73. Rb4+ {[%clk 0:02:05]}  Kc5 {[%clk 0:01:56]} 74. Kxa4 {[%clk 0:02:17]}  Kd5 {[%clk 0:02:15]} 75. Kb3 {[%clk 0:01:27]}  Rxe3+ {[%clk 0:02:31]} 76. Kc2 {[%clk 0:01:54]}  Ke5 {[%clk 0:02:36]} 77. Kd2 {[%clk 0:02:12]}  Rf3 {[%clk 0:02:35]} 78. Ke2 {[%clk 0:02:32]}  Rf8 {[%clk 0:02:34]} 79. Rb1 {[%clk 0:02:33]}  g4 {[%clk 0:02:33]} 80. Rf1 {[%clk 0:02:36]}  Ra8 {[%clk 0:02:39]} 81. Kf2 {[%clk 0:02:48]}  Kf4 {[%clk 0:02:32]} 82. Kg2+ {[%clk 0:03:10]}  Kg5 {[%clk 0:03:01]} 83. Rb1 {[%clk 0:03:33]}  Ra2+ {[%clk 0:03:27]} 84. Kg1 {[%clk 0:03:59]}  Kh4 {[%clk 0:03:54]} 85. Rb3 {[%clk 0:04:23]}  Re2 {[%clk 0:04:18]} 86. Ra3 {[%clk 0:04:48]}  Re4 {[%clk 0:04:37]} 87. Rb3 {[%clk 0:05:13]}  Rf4 {[%clk 0:05:03]} 88. Ra3 {[%clk 0:05:36]}  g3 {[%clk 0:05:26]} 89. Ra8 {[%clk 0:04:40]}  Kg4 {[%clk 0:05:50]} 90. Rg8+ {[%clk 0:04:20]}  Kf3 {[%clk 0:06:15]} 91. Rg7 {[%clk 0:04:42]}  Rf8 {[%clk 0:06:34]} 92. Rg6 {[%clk 0:04:52]}  Ra8 {[%clk 0:06:55]} 93. Rf6+ {[%clk 0:05:16]}  Kg4 {[%clk 0:07:21]} 94. Rg6+ {[%clk 0:05:31]}  Kf4 {[%clk 0:07:45]} 95. Rg7 {[%clk 0:05:11]}  Ra1+ {[%clk 0:08:07]} 96. Kg2 {[%clk 0:05:37]}  Ra2+ {[%clk 0:08:34]} 97. Kg1 {[%clk 0:05:57]}  Ra5 {[%clk 0:08:45]} 98. Rf7+ {[%clk 0:05:58]}  Kg4 {[%clk 0:09:10]} 99. Rg7+ {[%clk 0:06:22]}  Kh3 {[%clk 0:09:36]} 100. Rh7+ {[%clk 0:06:46]}  Kg4 {[%clk 0:10:03]} 101. Rg7+ {[%clk 0:07:14]}  Kf4 {[%clk 0:10:26]} 102. Rf7+ {[%clk 0:07:38]}  Rf5 {[%clk 0:10:51]} 103. Rxf5+ {[%clk 0:08:01]}  Kxf5 {[%clk 0:11:18]} 104. Kg2 {[%clk 0:08:26]}  Kg4 {[%clk 0:11:46]} 105. Kg1 {[%clk 0:08:50]}  Kf3 {[%clk 0:12:12]} 106. Kf1 {[%clk 0:09:16]}  Kf4 {[%clk 0:12:40]} 107. Kg2 {[%clk 0:09:41]}  Kg4 {[%clk 0:13:07]} 108. Kg1 {[%clk 0:10:08]}  Kh4 {[%clk 0:13:34]} 109. Kg2 {[%clk 0:10:34]}  Kg4 {[%clk 0:14:02]} 110. Kg1 {[%clk 0:10:56]}  Kh3 {[%clk 0:14:29]} 111. Kh1 {[%clk 0:11:19]}  Kg4 {[%clk 0:14:49]} 112. Kg2 {[%clk 0:10:59]}  Kf4 {[%clk 0:15:15]} 113. Kg1 {[%clk 0:11:19]}  Kf3 {[%clk 0:15:41]} 114. Kf1 {[%clk 0:11:45]}  g2+ {[%clk 0:16:07]} 115. Kg1 {[%clk 0:12:10]}  Kg3 {[%clk 0:16:22]} 1/2-1/2

[Event "Masters"]
[Site "Heerlen and Maastricht, NL"]
[Date "2025.06.04"]
[Round "1"]
[White "De Boer, Eelke"]
[Black "Braun, Christian"]
[Result "1-0"]
[Board "1"]
[WhiteFideId "1048120"]
[BlackFideId "4692098"]
[WhiteTitle "IM"]
[BlackTitle "IM"]
[WhiteElo "2409"]
[BlackElo "2390"]
[WhiteTeam "NED"]
[BlackTeam "GER"]
[WhiteClock "0:08:46"]
[BlackClock "0:29:16"]
[Variant "Standard"]

1. d4 {[%clk 1:30:55]}  g6 {[%clk 1:30:51]} 2. e4 {[%clk 1:31:13]}  Bg7 {[%clk 1:30:59]} 3. Nf3 {[%clk 1:31:20]}  d6 {[%clk 1:30:52]} 4. Be2 {[%clk 1:31:05]}  Nc6 {[%clk 1:31:03]} 5. O-O {[%clk 1:27:48]}  Nf6 {[%clk 1:25:20]} 6. Nc3 {[%clk 1:27:52]}  O-O {[%clk 1:25:41]} 7. d5 {[%clk 1:19:58]}  Nb4 {[%clk 1:25:14]} 8. h3 {[%clk 1:18:11]}  c6 {[%clk 1:24:49]} 9. a3 {[%clk 1:16:08]}  Na6 {[%clk 1:25:09]} 10. Bxa6 {[%clk 1:16:26]}  bxa6 {[%clk 1:25:31]} 11. dxc6 {[%clk 1:16:51]}  Be6 {[%clk 1:17:02]} 12. Qd3 {[%clk 1:12:55]}  d5 {[%clk 1:15:37]} 13. e5 {[%clk 1:01:28]}  Ne4 {[%clk 1:15:19]} 14. Bf4 {[%clk 1:01:10]}  Bf5 {[%clk 1:03:37]} 15. Qe3 {[%clk 0:58:14]}  f6 {[%clk 0:52:35]} 16. Rad1 {[%clk 0:41:41]}  e6 {[%clk 0:47:18]} 17. exf6 {[%clk 0:30:54]}  Bxf6 {[%clk 0:47:30]} 18. Nxe4 {[%clk 0:31:09]}  Bxe4 {[%clk 0:47:49]} 19. Ne5 {[%clk 0:31:22]}  Bg7 {[%clk 0:41:15]} 20. f3 {[%clk 0:20:21]}  Bxc2 {[%clk 0:37:13]} 21. Rd2 {[%clk 0:20:39]}  Qb6 {[%clk 0:37:16]} 22. Nd7 {[%clk 0:18:26]}  Qxe3+ {[%clk 0:30:03]} 23. Bxe3 {[%clk 0:18:53]}  Bb3 {[%clk 0:29:43]} 24. Nxf8 {[%clk 0:18:37]}  Kxf8 {[%clk 0:30:07]} 25. Rc1 {[%clk 0:16:15]}  Ke8 {[%clk 0:28:04]} 26. f4 {[%clk 0:15:03]}  a5 {[%clk 0:27:11]} 27. Bxa7 {[%clk 0:13:50]}  a4 {[%clk 0:26:27]} 28. Bd4 {[%clk 0:13:55]}  Bxd4+ {[%clk 0:26:24]} 29. Rxd4 {[%clk 0:14:23]}  Bc4 {[%clk 0:26:47]} 30. Kf2 {[%clk 0:14:00]}  Ra6 {[%clk 0:26:41]} 31. Rdxc4 {[%clk 0:14:12]}  dxc4 {[%clk 0:27:03]} 32. Rxc4 {[%clk 0:14:34]}  Kd8 {[%clk 0:27:22]} 33. c7+ {[%clk 0:14:50]}  Kc8 {[%clk 0:27:51]} 34. Ke3 {[%clk 0:15:00]}  Rb6 {[%clk 0:28:20]} 35. Rc2 {[%clk 0:15:08]}  Rb5 {[%clk 0:28:36]} 36. Ke4 {[%clk 0:10:19]}  h5 {[%clk 0:28:58]} 37. g4 {[%clk 0:10:01]}  h4 {[%clk 0:29:22]} 38. g5 {[%clk 0:09:04]}  Rb3 {[%clk 0:29:16]} 39. Rc6 {[%clk 0:08:46]} 1-0

[Event "Masters"]
[Site "Heerlen and Maastricht, NL"]
[Date "2025.06.04"]
[Round "1"]
[White "De Winter, Arthur"]
[Black "Vrolijk, Liam"]
[Result "1/2-1/2"]
[Board "2"]
[WhiteFideId "1069020"]
[BlackFideId "1048333"]
[WhiteTitle "IM"]
[BlackTitle "GM"]
[WhiteElo "2460"]
[BlackElo "2509"]
[WhiteTeam "NED"]
[BlackTeam "NED"]
[WhiteClock "0:20:11"]
[BlackClock "0:11:43"]
[Variant "Standard"]

1. e4 {[%clk 1:30:57]}  e5 {[%clk 1:30:53]} 2. Nf3 {[%clk 1:31:21]}  Nc6 {[%clk 1:31:17]} 3. Bc4 {[%clk 1:31:46]}  Bc5 {[%clk 1:31:40]} 4. Nc3 {[%clk 1:32:12]}  Nf6 {[%clk 1:28:46]} 5. d3 {[%clk 1:32:31]}  h6 {[%clk 1:27:11]} 6. O-O {[%clk 1:32:52]}  d6 {[%clk 1:24:27]} 7. Na4 {[%clk 1:33:09]}  Bb6 {[%clk 1:24:37]} 8. a3 {[%clk 1:32:13]}  O-O {[%clk 1:17:26]} 9. h3 {[%clk 1:32:25]}  Ne7 {[%clk 1:16:06]} 10. Nxb6 {[%clk 1:25:52]}  axb6 {[%clk 1:16:30]} 11. Re1 {[%clk 1:24:27]}  Ng6 {[%clk 1:05:26]} 12. b4 {[%clk 1:23:02]}  Bd7 {[%clk 1:03:30]} 13. Bb3 {[%clk 1:16:12]}  Ba4 {[%clk 0:59:25]} 14. c4 {[%clk 1:14:27]}  Qd7 {[%clk 0:53:25]} 15. b5 {[%clk 1:10:04]}  Bxb3 {[%clk 0:53:10]} 16. Qxb3 {[%clk 1:10:26]}  Nh5 {[%clk 0:49:22]} 17. d4 {[%clk 1:08:30]}  Qe6 {[%clk 0:46:33]} 18. Be3 {[%clk 1:02:51]}  Nhf4 {[%clk 0:43:52]} 19. Kh2 {[%clk 1:03:00]}  f5 {[%clk 0:31:00]} 20. Bxf4 {[%clk 0:45:34]}  Nxf4 {[%clk 0:28:53]} 21. exf5 {[%clk 0:43:44]}  Rxf5 {[%clk 0:28:24]} 22. dxe5 {[%clk 0:43:19]}  dxe5 {[%clk 0:27:14]} 23. Qe3 {[%clk 0:28:26]}  Qxc4 {[%clk 0:19:54]} 24. Rac1 {[%clk 0:26:19]}  Qf7 {[%clk 0:17:12]} 25. Nxe5 {[%clk 0:21:19]}  Rxe5 {[%clk 0:15:59]} 26. Qxe5 {[%clk 0:21:42]}  Nd3 {[%clk 0:16:23]} 27. Qg3 {[%clk 0:21:04]}  Nxe1 {[%clk 0:15:39]} 28. Rxe1 {[%clk 0:21:28]}  c6 {[%clk 0:15:05]} 29. a4 {[%clk 0:19:02]}  Rxa4 {[%clk 0:11:27]} 30. bxc6 {[%clk 0:19:21]}  bxc6 {[%clk 0:11:52]} 31. Qb8+ {[%clk 0:19:45]}  Kh7 {[%clk 0:12:17]} 32. Qxb6 {[%clk 0:20:11]}  Rc4 {[%clk 0:11:43]} 1/2-1/2

[Event "Masters"]
[Site "Heerlen and Maastricht, NL"]
[Date "2025.06.04"]
[Round "1"]
[White "Schoppen, Casper"]
[Black "Fier, Alexandr"]
[Result "1/2-1/2"]
[Board "3"]
[WhiteFideId "1046730"]
[BlackFideId "2107139"]
[WhiteTitle "GM"]
[BlackTitle "GM"]
[WhiteElo "2535"]
[BlackElo "2556"]
[WhiteTeam "NED"]
[BlackTeam "BRA"]
[WhiteClock "0:01:06"]
[BlackClock "0:37:26"]
[Variant "Standard"]

1. Nf3 {[%clk 1:30:40]}  c5 {[%clk 1:29:38]} 2. e3 {[%clk 1:27:33]}  Nf6 {[%clk 1:29:03]} 3. d4 {[%clk 1:26:40]}  cxd4 {[%clk 1:29:24]} 4. exd4 {[%clk 1:27:05]}  d5 {[%clk 1:29:48]} 5. Bd3 {[%clk 1:12:44]}  Bg4 {[%clk 1:29:14]} 6. O-O {[%clk 1:10:48]}  Nc6 {[%clk 1:29:36]} 7. c3 {[%clk 1:11:00]}  e6 {[%clk 1:30:01]} 8. Bf4 {[%clk 1:08:10]}  Bd6 {[%clk 1:30:17]} 9. Bxd6 {[%clk 1:08:31]}  Qxd6 {[%clk 1:30:42]} 10. Nbd2 {[%clk 1:08:51]}  O-O {[%clk 1:31:05]} 11. Re1 {[%clk 1:08:30]}  Qc7 {[%clk 1:31:17]} 12. Re3 {[%clk 1:06:21]}  Ne7 {[%clk 1:28:47]} 13. Qf1 {[%clk 1:01:54]}  Bf5 {[%clk 1:27:40]} 14. Ne5 {[%clk 1:01:49]}  Bxd3 {[%clk 1:22:25]} 15. Qxd3 {[%clk 1:02:01]}  b5 {[%clk 1:22:36]} 16. Nb3 {[%clk 0:57:17]}  Rfb8 {[%clk 1:13:22]} 17. Nc5 {[%clk 0:55:15]}  Rb6 {[%clk 1:13:40]} 18. a4 {[%clk 0:44:17]}  bxa4 {[%clk 1:12:38]} 19. Nxa4 {[%clk 0:44:10]}  Rb3 {[%clk 1:10:18]} 20. Re2 {[%clk 0:41:59]}  Ng6 {[%clk 1:01:01]} 21. Nxg6 {[%clk 0:41:59]}  hxg6 {[%clk 1:01:01]} 22. Nc5 {[%clk 0:38:21]}  Rb6 {[%clk 1:01:51]} 23. b4 {[%clk 0:37:38]}  Ne8 {[%clk 1:00:06]} 24. h4 {[%clk 0:33:52]}  Nd6 {[%clk 0:59:48]} 25. Rea2 {[%clk 0:31:57]}  Nc4 {[%clk 0:59:21]} 26. g3 {[%clk 0:30:59]}  Qe7 {[%clk 0:58:54]} 27. Qf3 {[%clk 0:29:12]}  Rc6 {[%clk 0:57:41]} 28. Qf4 {[%clk 0:27:10]}  Rc7 {[%clk 0:53:51]} 29. Kg2 {[%clk 0:24:09]}  Rd8 {[%clk 0:50:10]} 30. Qg5 {[%clk 0:20:09]}  Re8 {[%clk 0:49:36]} 31. Ra6 {[%clk 0:19:52]}  Nb6 {[%clk 0:48:42]} 32. R1a2 {[%clk 0:18:04]}  Nc8 {[%clk 0:48:51]} 33. Re2 {[%clk 0:16:59]}  Nb6 {[%clk 0:47:51]} 34. Re1 {[%clk 0:15:49]}  Qf6 {[%clk 0:48:01]} 35. Rea1 {[%clk 0:13:58]}  Nc8 {[%clk 0:47:14]} 36. Rh1 {[%clk 0:08:20]}  Nb6 {[%clk 0:47:06]} 37. Re1 {[%clk 0:08:10]}  Ree7 {[%clk 0:46:21]} 38. Ra2 {[%clk 0:07:28]}  Nc4 {[%clk 0:46:11]} 39. Ra6 {[%clk 0:06:36]}  Nb6 {[%clk 0:44:09]} 40. Re3 {[%clk 0:06:13]}  Nc4 {[%clk 0:43:51]} 41. Re2 {[%clk 0:06:34]}  Nb6 {[%clk 0:44:12]} 42. g4 {[%clk 0:05:42]}  Re8 {[%clk 0:41:58]} 43. f4 {[%clk 0:05:15]}  Kf8 {[%clk 0:41:25]} 44. Kf3 {[%clk 0:04:21]}  Nc4 {[%clk 0:33:50]} 45. Qxf6 {[%clk 0:03:28]}  gxf6 {[%clk 0:34:17]} 46. f5 {[%clk 0:03:10]}  exf5 {[%clk 0:30:59]} 47. Rxe8+ {[%clk 0:03:27]}  Kxe8 {[%clk 0:31:27]} 48. gxf5 {[%clk 0:03:49]}  Ke7 {[%clk 0:31:56]} 49. Ra2 {[%clk 0:03:44]}  gxf5 {[%clk 0:31:45]} 50. h5 {[%clk 0:03:29]}  Kf8 {[%clk 0:30:28]} 51. Rg2 {[%clk 0:01:49]}  Re7 {[%clk 0:30:54]} 52. Nd7+ {[%clk 0:00:47]}  Rxd7 {[%clk 0:29:34]} 53. h6 {[%clk 0:01:16]}  Re7 {[%clk 0:29:59]} 54. h7 {[%clk 0:01:40]}  Re3+ {[%clk 0:30:26]} 55. Kf2 {[%clk 0:01:57]}  Rh3 {[%clk 0:30:52]} 56. Rg8+ {[%clk 0:02:23]}  Ke7 {[%clk 0:31:20]} 57. h8=Q {[%clk 0:02:45]}  Rxh8 {[%clk 0:31:48]} 58. Rxh8 {[%clk 0:03:08]}  Nd6 {[%clk 0:32:16]} 59. Ke3 {[%clk 0:02:46]}  Nb5 {[%clk 0:32:22]} 60. Rb8 {[%clk 0:00:45]}  Nxc3 {[%clk 0:32:47]} 61. Rb7+ {[%clk 0:01:04]}  Kd6 {[%clk 0:32:47]} 62. Kd3 {[%clk 0:00:59]}  Ne4 {[%clk 0:33:08]} 63. b5 {[%clk 0:01:13]}  f4 {[%clk 0:33:31]} 64. Rxa7 {[%clk 0:00:51]}  f3 {[%clk 0:33:57]} 65. Ra6+ {[%clk 0:00:35]}  Kc7 {[%clk 0:34:22]} 66. Rc6+ {[%clk 0:00:45]}  Kb7 {[%clk 0:34:49]} 67. Ke3 {[%clk 0:00:39]}  f2 {[%clk 0:35:14]} 68. Ke2 {[%clk 0:00:45]}  Ng3+ {[%clk 0:34:46]} 69. Kxf2 {[%clk 0:01:09]}  Nf5 {[%clk 0:35:14]} 70. Rc5 {[%clk 0:00:57]}  Nxd4 {[%clk 0:35:41]} 71. Rxd5 {[%clk 0:00:35]}  Ne6 {[%clk 0:36:08]} 72. Ke3 {[%clk 0:00:41]}  Nc7 {[%clk 0:36:34]} 73. Rf5 {[%clk 0:00:51]}  Kb6 {[%clk 0:37:00]} 74. Rxf6+ {[%clk 0:01:06]}  Kxb5 {[%clk 0:37:26]} 1/2-1/2